1298 1789 1380 1511 1880 1196 1139 1989 1259 1389 1854 1672 1907 1306 1120 1461 1879 1077 1648 1541 1194 1776 1435 1428 1751 1967 1065 1409 1477 1633 1789 1015 1343 1926 1682 1519 1203 1209 1059 1332 1454 1414 1937 1490 1537 1010 1217 1994 1119 1553 1385 1676 1367 1227 1522 1236 1858 1495 1472 1208 1109 1336 1244 1889 1248 1164 1513 1222 1725 1306 1009 1223 1192 1662 1704 1674 1088 1140 1338 1696 1470 1220 1700 1863 1892 1672 1711 1769 1613 1567 1300 1129 1250 1720 1299 1175 1276 1753 1838 BCNSPRNW ULIB Ver.6.0+V

เปลี่ยนเป็นภาษาไทย

Change to English
 แสดงรายละเอียดบรรณานุกรม
  กลับหน้าหลัก

Brief Record : Get Marc (ISO 2709) : E-mail record : QR code < ปิดหน้าต่าง
LEADER : 00000nam 2200000uu 4500
001    13399113637
003     ULIB
008    110627s2551||||th 000 0 tha d
020    9789749449998
090    นว.^bไม่พบรหัส 2551
100 0  Peter, Robinson
245 00 ปมสังหาร/^cPeter, Robinson
250    พิมพ์ครั้งที่ 1
260    กรุงเทพฯ :^bBlue Butterfly,^c2551
300    399 หน้า
710 1  Blue Butterfly
945    ^p295^l0^i028029
995    ทศพร
999 ^a ใช้งานได้ทุกระบบ
รายการนี้ยังไม่มีแท็ก
คุณยังไม่ได้ล็อกอิน คุณสามารถมีกิจกรรมร่วมกับเว็บไซต์ได้ แต่ต้องล็อกอินก่อน ::
  ล็อกอิน

รายการสื่อสารสนเทศ

ลำดับที่ ประเภท เลขเรียก/บาร์โค้ด สถานที่ สถานะ
1. นวนิยาย
นวนิยาย
นว. ไม่พบรหัส 2551 ฉ.1 
  Barcode: 028029
ห้องสมุดวิทยาเขตสวรรค์ประชารักษ์
►นวนิยาย
บนชั้น
  ขอยืม

BibComment


ยังไม่เคยถูกคอมเมนท์

คอมเมนท์ทรัพยากรรายการนี้
  คอมเมนท์: ปมสังหาร Peter Ro..


 Copyright 2026. Bcnsprnw @Library